MARC details
| 000 -CABECERA |
| campo de control de longitud fija |
01076nam a2200229 a 4500 |
| 001 - NÚMERO DE CONTROL |
| campo de control |
000041666 |
| 005 - FECHA Y HORA DE LA ÚLTIMA TRANSACCIÓN |
| campo de control |
20201002035708.0 |
| 008 - DATOS DE LONGITUD FIJA--INFORMACIÓN GENERAL |
| campo de control de longitud fija |
130725s2000 sp a 001 0 spa d |
| 020 ## - NÚMERO INTERNACIONAL ESTÁNDAR DEL LIBRO |
| Número Internacional Estándar del Libro |
8400079078 |
| 040 ## - FUENTE DE LA CATALOGACIÓN |
| Centro catalogador/agencia de origen |
DO-SdBNP |
| Lengua de catalogación |
spa |
| Centro/agencia transcriptor |
BNPHU |
| 111 2# - ENTRADA PRINCIPAL--NOMBRE DE CONGRESO/REUNIÓN |
| Nombre de congreso/reunión o jurisdicción como elemento de entrada |
Simposio de la sociedad española de ecología terrestre |
| Sede del congreso/Lugar de la reunión |
(Granada |
| Fecha del congreso/reunión |
2000 : 11-13 feb. ) |
| 9 (RLIN) |
68457 |
| 245 10 - MENCIÓN DE TÍTULO |
| Título |
Ecosistemas mediterráneos : |
| Resto del título |
análisis funcional : Simposio de la Sociedad Española de Ecología Terrestre celebrado en Granada del 11 al 13 de Febrero, 2000 / |
| Mención de responsabilidad, etc. |
editado por Regino Zamora Rodríguez, Francisco Ignacio Pugnaire de Iraola. |
| 260 ## - PUBLICACIÓN, DISTRIBUCIÓN, ETC. |
| Lugar de publicación, distribución, etc. |
Madrid : |
| Nombre del editor, distribuidor, etc. |
Consejo Superior de Investigaciones Científicas., |
| Fecha de publicación, distribución, etc. |
2000. |
| 300 ## - DESCRIPCIÓN FÍSICA |
| Extensión |
463 p. : |
| Otras características físicas |
il., mapas ; |
| Dimensiones |
22 cm. |
| 490 1# - MENCIÓN DE SERIE |
| Mención de serie |
Textos universitarios |
| Designación de volumen o secuencia |
32 |
| 500 ## - NOTA GENERAL |
| Nota general |
Incluye índice |
| 504 ## - NOTA DE BIBLIOGRAFÍA, ETC. |
| Nota de bibliografía, etc. |
Bibliografía : |
| 700 1# - PUNTO DE ACCESO ADICIONAL--NOMBRE DE PERSONA |
| Nombre de persona |
Zamora Rodríguez, Regino, |
| Término indicativo de función/relación |
ed. |
| 9 (RLIN) |
68458 |
| 700 1# - PUNTO DE ACCESO ADICIONAL--NOMBRE DE PERSONA |
| Nombre de persona |
Pugnaire de Iraola, Francisco Ignacio |
| Término indicativo de función/relación |
ed. |
| 9 (RLIN) |
68459 |
| 710 2# - PUNTO DE ACCESO ADICIONAL--NOMBRE DE ENTIDAD CORPORATIVA |
| Nombre de entidad corporativa o nombre de jurisdicción como elemento de entrada |
Consejo Superior de Investigaciones Científicas(España) |
| 9 (RLIN) |
67719 |
| 830 #0 - PUNTO DE ACCESO ADICIONAL DE SERIE-TÍTULO UNIFORME |
| Título uniforme |
Textos universitarios |
| Designación de volumen o secuencia |
32 |
| 9 (RLIN) |
1147 |